000 00661nam a2200265Ia 4500
005 20260121170956.0
008 008 260114s9999 xx 000 0 eng d
020 _a9783030051532
037 _aEBOOK
040 _aCRL
040 _beng
040 _cCRL
041 _2eng
041 _aeng
084 _qCRL
100 _aLilya Budaghyan, Francisco RodrĂ­guez-HenrĂ­quez
_91070485
245 0 _aArithmetic of Finite Fields
260 _bSpringer
260 _bSpringer
260 _c2018
856 _uhttps://link.springer.com/openurl?genre=book&isbn=978-3-030-05153-2
942 _cEBOOK
999 _c1636215
_d1636215